So sánh hai qui trình phòng bệnh cầu trùng trên gà nagoya ở nông trường sông hậu Cần Thơ
Bệnh cầu trùng là một trong những bệnh đe dọa nền chăn nuôi gia cầm. Do nhu cầu xuất khẩu nông trường sông Hậu phải nuôi gà Nagoya trên nền trấu. Đề tải là nghie6ncu7u1 những ảnh hưởng của hai quy trình sử dụng thuốc ngừa cầu trùng để...
Zapisane w:
| 1. autor: | |
|---|---|
| Format: | Książka |
| Język: | Undetermined |
| Wydane: |
Cần Thơ
Trường Đại học Cần Thơ
1998
|
| Hasła przedmiotowe: | |
| Etykiety: |
Dodaj etykietę
Nie ma etykietki, Dołącz pierwszą etykiete!
|
| Thư viện lưu trữ: | Trung tâm Học liệu Trường Đại học Cần Thơ |
|---|
| LEADER | 01138nam a2200217Ia 4500 | ||
|---|---|---|---|
| 001 | CTU_85006 | ||
| 008 | 210402s9999 xx 000 0 und d | ||
| 082 | |a 636.5089 | ||
| 082 | |b V121 | ||
| 088 | |a 60640101 | ||
| 100 | |a Trần, Thị Cẩm Vân | ||
| 245 | 0 | |a So sánh hai qui trình phòng bệnh cầu trùng trên gà nagoya ở nông trường sông hậu Cần Thơ | |
| 245 | 0 | |c Trần Thị Cẩm Vân | |
| 260 | |a Cần Thơ | ||
| 260 | |b Trường Đại học Cần Thơ | ||
| 260 | |c 1998 | ||
| 520 | |a Bệnh cầu trùng là một trong những bệnh đe dọa nền chăn nuôi gia cầm. Do nhu cầu xuất khẩu nông trường sông Hậu phải nuôi gà Nagoya trên nền trấu. Đề tải là nghie6ncu7u1 những ảnh hưởng của hai quy trình sử dụng thuốc ngừa cầu trùng để góp phần hạn chế thiết hại do bệnh này gây ra | ||
| 650 | |a Chicken | ||
| 650 | |x Diseases | ||
| 904 | |i Mai Loan, Qhieu | ||
| 980 | |a Trung tâm Học liệu Trường Đại học Cần Thơ | ||